| 000 | 00736nam a2200253 4500 | ||
|---|---|---|---|
| 003 | OSt | ||
| 005 | 20240725074549.0 | ||
| 006 | a | ||
| 008 | 240725b |||||||| |||| 00| 0 eng d | ||
| 020 | _a0443101914 | ||
| 040 |
_aDWCL-Main lib. _cOC |
||
| 082 | _aCirc. 610.73 N974 2005 | ||
| 245 | _aThe nursing process: a global concept / | ||
| 260 |
_aEdinburgh: _bElsevier/Churchill Livingstone, _cc2005. |
||
| 300 |
_axi, _b172 p. ; _c25 cm. |
||
| 504 | _aIncludes bibliographical references & index. | ||
| 650 | _a1. Nursing process. | ||
| 650 | _a2. Nursing. | ||
| 650 | _a3. Nursing-Philosophy. | ||
| 700 | _aMonika Habermann | ||
| 700 | _aLeana R. Uys | ||
| 700 | _aBarbara Parfitt | ||
| 942 |
_2ddc _n0 _cBK-CIRC _kCirc. |
||
| 999 |
_c2745 _d2745 |
||